000
00307nam a2200121Ia 4500
008
191201s2013 xx 000 0 und d
100
_a
TANENBAUM,Andrew S
245
0
_a
Operating Systems Design and Implementation
250
_a
IMP 3rd
260
_c
2013
_b
PHI
_a
New Delhi
300
_a
1054
942
_2
ddc
_c
BK
999
_c
7919
_d
7919